[Event "XVII Trofeo Virgen de Valencia 2011"]
[Site "Renedo de Pielagos"]
[Date "2011.08.27"]
[Round "1.1"]
[White "Teske, Henrik"]
[Black "Teran Pereda, Luis"]
[Result "1-0"]
[WhiteElo "2529"]
[BlackElo "1825"]
[PlyCount "83"]
[EventDate "2011.08.27"]

1. Nf3 Nf6 2. c4 e6 3. Nc3 d5 4. d4 Be7 5. Bf4 c6 6. e3 O-O 7. Bd3 Nbd7 8. h3
dxc4 9. Bxc4 b5 10. Bd3 a6 11. a4 b4 12. Ne4 a5 13. Rc1 Qb6 14. Qc2 Ba6 15.
Bxa6 Rxa6 16. Nfd2 Nxe4 17. Nxe4 Nf6 18. Nxf6+ Bxf6 19. O-O Be7 20. Qd3 Rc8 21.
Rc4 Qb7 22. Rfc1 Rb6 23. b3 Qd7 24. Qc2 g6 25. e4 f6 26. Be3 Ra6 27. Qe2 Raa8
28. Qf3 Ra6 29. h4 f5 30. h5 fxe4 31. Qg4 Qd5 32. hxg6 Qf5 33. gxh7+ Kxh7 34.
Qg3 Qg6 35. Qh3+ Kg7 36. d5 Kf7 37. dxe6+ Qxe6 38. Qh7+ Ke8 39. Rxe4 Qf7 40.
Qh8+ Kd7 41. Rd1+ Kc7 42. Qe5+ 1-0

[Event "XVII Trofeo Virgen de Valencia 2011"]
[Site "Renedo de Pielagos"]
[Date "2011.08.27"]
[Round "1.2"]
[White "Perez Novoa, Miguel"]
[Black "Franco Ocampos, Zenon"]
[Result "0-1"]
[WhiteElo "1818"]
[BlackElo "2502"]
[PlyCount "86"]
[EventDate "2011.08.27"]

1. e4 c5 2. Nf3 Nc6 3. d4 cxd4 4. Nxd4 e6 5. Nxc6 bxc6 6. Bd3 Nf6 7. O-O d5 8.
exd5 cxd5 9. Bb5+ Bd7 10. Qe2 Be7 11. Nd2 O-O 12. Nf3 Bxb5 13. Qxb5 Qc7 14. Qe2
Rfc8 15. c3 Rab8 16. Bg5 h6 17. Bh4 Ne4 18. Bxe7 Qxe7 19. Rfc1 Rb6 20. c4 Qc5
21. g3 Nd6 22. cxd5 Qxc1+ 23. Rxc1 Rxc1+ 24. Kg2 exd5 25. Qd2 Rc5 26. b4 Rcb5
27. a3 Nc4 28. Qd3 Ra6 29. Qf5 Rf6 30. Qd7 Nxa3 31. Qxa7 Nc4 32. Qa8+ Kh7 33.
Qf8 Nd6 34. Qa8 Ne4 35. Qa4 Rbb6 36. b5 Rf5 37. Qb3 Rbf6 38. b6 Rxf3 39. Qxf3
Rxf3 40. Kxf3 Nd6 41. Ke2 Kg6 42. Kd3 Kf6 43. Kd4 Ke6 0-1

[Event "XVII Trofeo Virgen de Valencia 2011"]
[Site "Renedo de Pielagos"]
[Date "2011.08.27"]
[Round "1.3"]
[White "Gonzalez Perez, Arian"]
[Black "Simon Escalona, Jorge"]
[Result "1-0"]
[WhiteElo "2490"]
[BlackElo "1810"]
[PlyCount "101"]
[EventDate "2011.08.27"]

1. d4 Nf6 2. c4 g6 3. Nf3 Bg7 4. g3 d6 5. Bg2 O-O 6. O-O Nbd7 7. Nc3 c6 8. e4
e5 9. h3 Re8 10. Re1 exd4 11. Nxd4 Ne5 12. Bf1 Qc7 13. Be3 Nh5 14. Kh2 Bf8 15.
f4 Nd7 16. Bg2 Nc5 17. b4 Ne6 18. Nb3 Bg7 19. Rc1 Bd7 20. Qd2 Rad8 21. Qf2 b6
22. a4 Nf6 23. a5 Rb8 24. axb6 axb6 25. Red1 Red8 26. b5 c5 27. f5 Nf8 28. Bg5
Re8 29. fxg6 Re6 30. e5 dxe5 31. Nd5 Qd8 32. gxf7+ Kh8 33. Kg1 Ne4 34. Bxd8
Nxf2 35. Bc7 Nxd1 36. Bxb8 Nb2 37. Be4 Rh6 38. h4 Bg4 39. Ne3 Be6 40. Rc2 Na4
41. Bd5 Rg6 42. Kh2 Nd7 43. Bc7 Bh6 44. Bxe6 Rxe6 45. Nd5 Kg7 46. Ra2 Kxf7 47.
Rxa4 e4 48. Ra2 Bg7 49. Re2 Nf6 50. Nxf6 Bxf6 51. Nd2 1-0

[Event "XVII Trofeo Virgen de Valencia 2011"]
[Site "Renedo de Pielagos"]
[Date "2011.08.27"]
[Round "1.4"]
[White "Ochoa De Eribe Martinez, Daniel"]
[Black "Galego, Luis"]
[Result "0-1"]
[WhiteElo "1807"]
[BlackElo "2474"]
[PlyCount "78"]
[EventDate "2011.08.27"]

1. e4 c5 2. Nc3 e6 3. g3 d5 4. Bg2 Nf6 5. e5 Nfd7 6. f4 Nc6 7. Nf3 c4 8. O-O
Nc5 9. d4 cxd3 10. cxd3 d4 11. Ne2 Be7 12. a3 a5 13. b3 Qb6 14. Rb1 O-O 15. g4
Rd8 16. Ng3 Qb5 17. Ne1 Bd7 18. a4 Nxa4 19. Bd2 Nc3 20. Bxc3 dxc3 21. Nc2 Be8
22. Be4 Nb4 23. d4 g6 24. Ne2 Rac8 25. f5 Bg5 26. Rf3 Qb6 27. Qf1 Nxc2 28. Bxc2
Rxd4 29. Nxd4 Qxd4+ 30. Qf2 Qxg4+ 31. Rg3 Qf4 32. Qxf4 Bxf4 33. Rg4 Be3+ 34.
Kg2 exf5 35. Rc4 Rxc4 36. bxc4 Bc6+ 37. Kf1 Be4 38. Bxe4 fxe4 39. Ke2 c2 0-1

[Event "XVII Trofeo Virgen de Valencia 2011"]
[Site "Renedo de Pielagos"]
[Date "2011.08.27"]
[Round "1.5"]
[White "Martinez Duanny, Lelys Stanley"]
[Black "Tejedor Garcia, Adolfo"]
[Result "1-0"]
[WhiteElo "2455"]
[BlackElo "1803"]
[PlyCount "67"]
[EventDate "2011.08.27"]

1. e4 c5 2. Nf3 e6 3. Nc3 Nf6 4. e5 Nd5 5. Nxd5 exd5 6. d4 cxd4 7. Qxd4 Qa5+ 8.
Bd2 Qc5 9. Qf4 h6 10. Bd3 Nc6 11. O-O Be7 12. Qg4 g6 13. Rfe1 d6 14. Qa4 O-O
15. b4 Qb6 16. exd6 Bxd6 17. b5 Ne7 18. Bxh6 Rd8 19. Qh4 Nf5 20. Bxf5 Bxf5 21.
Bg5 Bf8 22. Be3 Qc7 23. Bd4 Bg7 24. Bxg7 Kxg7 25. Nd4 Be4 26. f3 Qc5 27. Qf2
Qd6 28. fxe4 dxe4 29. Rxe4 Rh8 30. h3 Rad8 31. Rf1 f5 32. Ne6+ Kf6 33. Nxd8
Qxd8 34. Qd4+ 1-0

[Event "XVII Trofeo Virgen de Valencia 2011"]
[Site "Renedo de Pielagos"]
[Date "2011.08.27"]
[Round "1.6"]
[White "Quirce Teja, Javier"]
[Black "Vassallo Barroche, Mauricio"]
[Result "0-1"]
[WhiteElo "1764"]
[BlackElo "2416"]
[PlyCount "90"]
[EventDate "2011.08.27"]

1. d4 Nf6 2. Nf3 g6 3. g3 Bg7 4. Bg2 O-O 5. O-O d6 6. c4 Nc6 7. Nc3 Rb8 8. Qc2
a6 9. h3 Bd7 10. Be3 b5 11. c5 Bf5 12. Qc1 b4 13. Nb1 Be4 14. Nbd2 Bd5 15. Rd1
Qc8 16. Bg5 Na5 17. Bxf6 exf6 18. e4 Be6 19. Kh2 d5 20. Ng1 Rd8 21. exd5 Bxd5
22. Ne4 Qb7 23. f3 f5 24. Nf2 Re8 25. Qf4 Nc4 26. b3 Ne3 27. Re1 Nc2 28. Rxe8+
Rxe8 29. Rd1 h6 30. h4 Ne3 31. Rd3 Nxg2 32. Kxg2 a5 33. Re3 Re6 34. Rxe6 Bxe6
35. Qe3 a4 36. Ne2 axb3 37. axb3 Qd5 38. Qf4 Qxb3 39. Qxc7 Bd5 40. Qf4 Qc2 41.
Qe3 b3 42. Nf4 Bxf3+ 43. Qxf3 b2 44. Qa8+ Kh7 45. Nd5 Bxd4 0-1

[Event "XVII Trofeo Virgen de Valencia 2011"]
[Site "Renedo de Pielagos"]
[Date "2011.08.28"]
[Round "2.1"]
[White "Fernandez Fernandez, Juan Carlos"]
[Black "Teske, Henrik"]
[Result "1/2-1/2"]
[WhiteElo "2082"]
[BlackElo "2529"]
[PlyCount "113"]
[EventDate "2011.08.27"]

1. d4 Nf6 2. c4 c5 3. d5 b5 4. cxb5 a6 5. bxa6 g6 6. Nc3 Bxa6 7. Nf3 Bg7 8. Nd2
e6 9. e4 exd5 10. Bxa6 Nxa6 11. e5 Ne4 12. Ndxe4 dxe4 13. Nxe4 Bxe5 14. Qd5 Qb8
15. Nxc5 Nxc5 16. Qxc5 d6 17. Qc6+ Ke7 18. O-O Rc8 19. Qd5 Kf8 20. Bh6+ Kg8 21.
b4 Re8 22. Qc4 d5 23. Qb3 Bxh2+ 24. Kh1 Re5 25. g3 Rh5 26. Kg2 Rxh6 27. Rh1 Qe5
28. Qf3 Bxg3 29. Rae1 Rh2+ 30. Rxh2 Qxe1 31. Kxg3 Qe5+ 32. Qf4 Qxf4+ 33. Kxf4
Rxa2 34. Ke5 Rb2 35. Rh4 Rxf2 36. Kxd5 g5 37. Rg4 Rf5+ 38. Kc6 h5 39. Rg1 Kg7
40. b5 Kg6 41. b6 Rf6+ 42. Kc7 Rxb6 43. Kxb6 g4 44. Kc5 Kg5 45. Kd4 h4 46. Ke3
h3 47. Kf2 Kf4 48. Ra1 g3+ 49. Kg1 f5 50. Ra4+ Kg5 51. Ra5 Kg4 52. Ra4+ f4 53.
Rb4 Kf3 54. Rb3+ Ke4 55. Rb4+ Kf3 56. Rb3+ Kg4 57. Rb4 1/2-1/2

[Event "XVII Trofeo Virgen de Valencia 2011"]
[Site "Renedo de Pielagos"]
[Date "2011.08.28"]
[Round "2.2"]
[White "Franco Ocampos, Zenon"]
[Black "Tena Cordera, Miguel Angel"]
[Result "1-0"]
[WhiteElo "2502"]
[BlackElo "2061"]
[PlyCount "77"]
[EventDate "2011.08.27"]

1. c4 c6 2. e4 d5 3. exd5 cxd5 4. d4 Nf6 5. Nc3 Nc6 6. Nf3 Bg4 7. cxd5 Nxd5 8.
Qb3 Bxf3 9. gxf3 e6 10. Qxb7 Nxd4 11. Bb5+ Nxb5 12. Qc6+ Ke7 13. Qxb5 Qd7 14.
Nxd5+ Qxd5 15. Qxd5 exd5 16. Be3 Ke6 17. O-O-O Bb4 18. Rhg1 g6 19. Kb1 Rhd8 20.
a3 Ba5 21. b4 Bb6 22. Rge1 Kf5 23. Bd4 Rd7 24. Kb2 Rc8 25. Kb3 Kf4 26. Re3 h5
27. Bxb6 axb6 28. Rd4+ Kf5 29. Ka4 Rc2 30. Kb5 Rd6 31. Re7 Rxf2 32. Rxf7+ Ke5
33. Rh4 d4 34. Re4+ Kd5 35. Rfe7 Rf6 36. Rd7+ Rd6 37. Rxd4+ Kxd4 38. Rxd6+ Ke5
39. Rxg6 1-0

[Event "XVII Trofeo Virgen de Valencia 2011"]
[Site "Renedo de Pielagos"]
[Date "2011.08.28"]
[Round "2.3"]
[White "Ruiz Martinez, Isidro"]
[Black "Gonzalez Perez, Arian"]
[Result "0-1"]
[WhiteElo "2014"]
[BlackElo "2490"]
[PlyCount "68"]
[EventDate "2011.08.27"]

1. e4 c5 2. Nf3 Nc6 3. d4 cxd4 4. Nxd4 g6 5. Bc4 Bg7 6. Nb3 Nf6 7. Nc3 O-O 8.
O-O d6 9. Re1 Be6 10. Bf1 a5 11. Bb5 Na7 12. Bf1 Nc6 13. Bb5 d5 14. exd5 Nxd5
15. Nxd5 Bxd5 16. c4 Be6 17. Qxd8 Rfxd8 18. Nc5 Bc8 19. Bxc6 bxc6 20. Na4 Be6
21. Be3 Rab8 22. Bb6 Rd7 23. c5 Bf5 24. Re2 Rd4 25. Nc3 a4 26. Rd1 Rc4 27. Nb1
Rb4 28. Nc3 a3 29. bxa3 R4xb6 30. cxb6 Bxc3 31. Re3 Bf6 32. Rb3 Bc2 33. Rdb1
Bxb1 34. Rxb1 Rb7 0-1

[Event "XVII Trofeo Virgen de Valencia 2011"]
[Site "Renedo de Pielagos"]
[Date "2011.08.28"]
[Round "2.4"]
[White "Galego, Luis"]
[Black "Villalobos Luque, Jose Manuel"]
[Result "1-0"]
[WhiteElo "2474"]
[BlackElo "2019"]
[PlyCount "64"]
[EventDate "2011.08.27"]

1. e4 c6 2. d4 d5 3. e5 Bf5 4. Be3 e6 5. Nd2 f6 6. Ngf3 fxe5 7. Nxe5 h5 8. Ndf3
Be7 9. Bd3 g5 10. Ng6 Bxg6 11. Bxg6+ Kf8 12. Ne5 Nh6 13. Bd3 Nf5 14. Ng6+ Kg7
15. Nxh8 Qxh8 16. Qd2 Qh6 17. Bxf5 exf5 18. f3 Nd7 19. O-O-O f4 20. Bf2 Nb6 21.
Qd3 Nc4 22. Rhe1 Qf6 23. Re2 Bd6 24. Rde1 a5 25. Re6 Qf7 26. h4 g4 27. R1e2 Bf8
28. b3 Ne3 29. Re5 Bd6 30. Rg5+ Kh6 31. Bxe3 fxe3 32. Rf5 Qg6 1-0

[Event "XVII Trofeo Virgen de Valencia 2011"]
[Site "Renedo de Pielagos"]
[Date "2011.08.28"]
[Round "2.5"]
[White "Nicolas Zapata, Javier"]
[Black "Martinez Duanny, Lelys Stanley"]
[Result "0-1"]
[WhiteElo "1982"]
[BlackElo "2455"]
[PlyCount "52"]
[EventDate "2011.08.27"]

1. e4 c5 2. Nf3 Nc6 3. d4 cxd4 4. Nxd4 g6 5. Nc3 Bg7 6. Nb3 d6 7. Be2 Nf6 8.
O-O O-O 9. Bg5 b6 10. f4 Bb7 11. Bf3 b5 12. Kh1 b4 13. Nd5 a5 14. Bxf6 exf6 15.
c3 a4 16. Nd4 Nxd4 17. Qxd4 bxc3 18. Nxc3 f5 19. Qb4 Qb8 20. Rab1 Ba6 21. Qxb8
Raxb8 22. Rfd1 Bxc3 23. bxc3 Rxb1 24. Rxb1 Bd3 25. Rb4 fxe4 26. Bxe4 Re8 0-1

[Event "XVII Trofeo Virgen de Valencia 2011"]
[Site "Renedo de Pielagos"]
[Date "2011.08.28"]
[Round "2.6"]
[White "Vassallo Barroche, Mauricio"]
[Black "Talavera Garcia, Santiago"]
[Result "1/2-1/2"]
[WhiteElo "2416"]
[BlackElo "1986"]
[PlyCount "88"]
[EventDate "2011.08.27"]

1. Nf3 d5 2. g3 Nf6 3. Bg2 g6 4. c4 Bg7 5. cxd5 Nxd5 6. Nc3 O-O 7. O-O Nc6 8.
d4 Nxc3 9. bxc3 Na5 10. Bf4 b6 11. e4 Bb7 12. Qd2 Rc8 13. Rac1 e6 14. h4 h6 15.
Nh2 Qe7 16. Ng4 Kh7 17. Rcd1 Qa3 18. Qc2 Ba6 19. Bc1 Qe7 20. Rfe1 h5 21. Nh2 c5
22. d5 exd5 23. exd5 Qf6 24. Re3 Rce8 25. Rde1 Rxe3 26. Rxe3 Nc4 27. Rf3 Qe5
28. Bf1 Qxd5 29. Rd3 Qe6 30. Nf3 Kg8 31. Ng5 Qc8 32. Rd1 Ne5 33. Bxa6 Qxa6 34.
Bf4 Qb7 35. Bxe5 Bxe5 36. c4 Re8 37. Qe2 Qc7 38. Re1 Bf6 39. Ne4 Bd4 40. Qf3
Kg7 41. Re2 Qb7 42. Qf4 Be5 43. Qd2 Bd4 44. Qf4 Be5 1/2-1/2

[Event "XVII Trofeo Virgen de Valencia 2011"]
[Site "Renedo de Pielagos"]
[Date "2011.08.28"]
[Round "3.1"]
[White "Tejedor Fuentes, Enrique"]
[Black "Franco Ocampos, Zenon"]
[Result "1/2-1/2"]
[WhiteElo "2164"]
[BlackElo "2502"]
[PlyCount "28"]
[EventDate "2011.08.27"]

1. e4 c5 2. Nf3 Nc6 3. d4 cxd4 4. Nxd4 e6 5. Nb5 Nf6 6. N1c3 d6 7. Bf4 e5 8.
Bg5 Be6 9. Bxf6 gxf6 10. Nd5 Bxd5 11. Qxd5 a6 12. Na3 Rc8 13. c3 h5 14. Nc2 Qb6
1/2-1/2

[Event "XVII Trofeo Virgen de Valencia 2011"]
[Site "Renedo de Pielagos"]
[Date "2011.08.28"]
[Round "3.2"]
[White "Gonzalez Perez, Arian"]
[Black "Martin Fuentes, Alberto"]
[Result "1-0"]
[WhiteElo "2490"]
[BlackElo "2332"]
[PlyCount "81"]
[EventDate "2011.08.27"]

1. d4 Nf6 2. Nf3 g6 3. c4 c5 4. d5 b5 5. Qc2 Bg7 6. e4 d6 7. cxb5 a6 8. Nc3 O-O
9. a4 axb5 10. Bxb5 Ba6 11. O-O Bxb5 12. Nxb5 Nbd7 13. Bd2 Qb6 14. Bc3 Rfb8 15.
Nd2 Qd8 16. Nc4 Ne8 17. Bxg7 Kxg7 18. f4 Kg8 19. e5 Nb6 20. exd6 exd6 21. f5
Nxc4 22. Qxc4 Rb7 23. Ra3 Nc7 24. f6 Nxb5 25. axb5 Rab8 26. Rh3 Rxb5 27. Qh4 h5
28. Qg5 Qf8 29. Rxh5 Rxb2 30. Rh3 R8b4 31. Re3 Rb1 32. h4 Rxf1+ 33. Kxf1 Rb1+
34. Kf2 Rb2+ 35. Kg1 Rb1+ 36. Kh2 Rf1 37. Re7 Qc8 38. Qe3 Rxf6 39. Re8+ Qxe8
40. Qxe8+ Kg7 41. Qd8 1-0

[Event "XVII Trofeo Virgen de Valencia 2011"]
[Site "Renedo de Pielagos"]
[Date "2011.08.28"]
[Round "3.3"]
[White "Pozueta Alegria, Adrian"]
[Black "Galego, Luis"]
[Result "0-1"]
[WhiteElo "2096"]
[BlackElo "2474"]
[PlyCount "76"]
[EventDate "2011.08.27"]

1. e4 c5 2. Nc3 a6 3. a4 e6 4. g3 d5 5. exd5 exd5 6. d4 Nf6 7. Bg5 Be6 8. Nge2
Nc6 9. Bg2 cxd4 10. Nxd4 Bc5 11. Nxe6 fxe6 12. O-O O-O 13. Kh1 h6 14. Bxf6 Rxf6
15. f4 Nd4 16. Bh3 Qb6 17. Ra2 Rd8 18. Qd3 Nc6 19. Raa1 Bd4 20. Rab1 Bxc3 21.
Qxc3 Qd4 22. Rfe1 Rd6 23. Qxd4 Nxd4 24. c3 Nb3 25. Rbd1 g6 26. Re3 Rb6 27. Re2
Kf7 28. Rc2 Ke7 29. Re2 Kf7 30. Rc2 Rc6 31. Kg1 Rc4 32. Bf1 Rxa4 33. c4 d4 34.
c5 Na5 35. Bd3 g5 36. fxg5 hxg5 37. Be4 Ke7 38. Re1 Rb4 0-1

[Event "XVII Trofeo Virgen de Valencia 2011"]
[Site "Renedo de Pielagos"]
[Date "2011.08.28"]
[Round "3.4"]
[White "Martinez Duanny, Lelys Stanley"]
[Black "Ruiz Marana, Alejandro"]
[Result "1-0"]
[WhiteElo "2455"]
[BlackElo "2198"]
[PlyCount "67"]
[EventDate "2011.08.27"]

1. e4 e6 2. d4 d5 3. Nc3 Nf6 4. e5 Nfd7 5. f4 c5 6. Nf3 Nc6 7. Be3 Be7 8. Qd2
O-O 9. Nd1 a6 10. Be2 b5 11. O-O Qb6 12. Nf2 a5 13. dxc5 Bxc5 14. Bxc5 Nxc5 15.
Kh1 Ba6 16. Bd3 b4 17. Qe2 h6 18. Nh4 Rac8 19. f5 Nxd3 20. cxd3 Qd4 21. Nf3 Qf4
22. f6 gxf6 23. exf6 Qxf6 24. Ng4 Qg7 25. Nfe5 Nd4 26. Qe3 Nc2 27. Qh3 Qg5 28.
Qg3 Kh7 29. h4 Qg7 30. Rf6 Nxa1 31. Rxh6+ Qxh6 32. Nxh6 Kxh6 33. Ng4+ Kg7 34.
Nf6+ 1-0

[Event "XVII Trofeo Virgen de Valencia 2011"]
[Site "Renedo de Pielagos"]
[Date "2011.08.28"]
[Round "3.5"]
[White "Ivanov, Jordan"]
[Black "Navarrete Espi, Samuel"]
[Result "1-0"]
[WhiteElo "2398"]
[BlackElo "2169"]
[PlyCount "62"]
[EventDate "2011.08.27"]

1. d4 Nf6 2. c4 g6 3. Nc3 Bg7 4. e4 d6 5. h3 O-O 6. Nf3 e5 7. d5 Nh5 8. Nh2 Qe8
9. Be2 Nf4 10. Bf3 f5 11. O-O Na6 12. Re1 Qf7 13. Bxf4 exf4 14. exf5 Bxf5 15.
Qd2 Nc5 16. Bg4 Nd3 17. Bxf5 Qxf5 18. Re7 Ne5 19. Rxc7 f3 20. g4 Qf6 21. Kh1
Qh4 22. Rg1 Qxh3 23. Ne4 Nxg4 24. Rxg7+ Kxg7 25. Rxg4 Qh5 26. Rg5 Qh4 27. Qd4+
Kh6 28. Rg4 Qe7 29. Qe3+ Kg7 30. Nxf3 Rf5 31. Ng3 Qe4 1-0

[Event "XVII Trofeo Virgen de Valencia 2011"]
[Site "Renedo de Pielagos"]
[Date "2011.08.28"]
[Round "3.6"]
[White "Marchena Hurtado, Ander"]
[Black "Guerra Bastida, Diego"]
[Result "0-1"]
[WhiteElo "1951"]
[BlackElo "2397"]
[PlyCount "74"]
[EventDate "2011.08.27"]

1. e4 d6 2. d4 Nf6 3. Nc3 g6 4. h3 Bg7 5. Nf3 O-O 6. Be3 e5 7. Bd3 exd4 8. Bxd4
Nc6 9. Be3 d5 10. Bg5 dxe4 11. Nxe4 Qe8 12. Bxf6 Bxf6 13. c3 Bg7 14. O-O Bf5
15. Re1 Qd8 16. Qc2 Qd5 17. a3 Rad8 18. Rad1 Ne5 19. Nxe5 Qxe5 20. g4 Be6 21.
Bf1 Qf4 22. Qc1 Qxc1 23. Rxc1 b6 24. Bg2 h6 25. Ng3 Rd2 26. Re2 Rxe2 27. Nxe2
Rd8 28. Bf1 Rd2 29. Rb1 Ba2 30. Rc1 Rxb2 31. Nd4 Bd5 32. Nb5 Bf8 33. Bd3 Bc5
34. Rc2 Rb1+ 35. Kh2 a6 36. c4 Bc6 37. Nc3 Bd6+ 0-1

[Event "XVII Trofeo Virgen de Valencia 2011"]
[Site "Renedo de Pielagos"]
[Date "2011.08.29"]
[Round "4.1"]
[White "Ivanov, Jordan"]
[Black "Gonzalez Perez, Arian"]
[Result "1-0"]
[WhiteElo "2398"]
[BlackElo "2490"]
[PlyCount "91"]
[EventDate "2011.08.27"]

1. Nf3 Nf6 2. c4 g6 3. Nc3 Bg7 4. e4 O-O 5. d4 d6 6. Be2 e5 7. d5 a5 8. h3 Na6
9. Bg5 Qe8 10. Nd2 Nd7 11. a3 Nb6 12. b3 f5 13. Be3 Nd7 14. Nf3 Nf6 15. b4 Nh5
16. Nh2 Nf4 17. O-O Nxe2+ 18. Qxe2 fxe4 19. Nxe4 Bf5 20. Bd2 Nb8 21. bxa5 Nd7
22. f3 Nf6 23. Rfb1 Bc8 24. Ng4 Nxe4 25. fxe4 Qe7 26. Rf1 Bd7 27. Rab1 Rxf1+
28. Rxf1 Rf8 29. Rb1 Bc8 30. Be3 h5 31. Nh2 Qh4 32. Bd2 Qg3 33. Qe3 Qh4 34. Nf3
Qe7 35. c5 dxc5 36. Rb5 Rf4 37. Qxc5 Qxc5+ 38. Rxc5 Rxe4 39. Rxc7 Bf5 40. d6
Re2 41. d7 Bxd7 42. Rxd7 e4 43. Ng5 Bf6 44. Kf1 Rxd2 45. Rxd2 Bxg5 46. Rd7 1-0

[Event "XVII Trofeo Virgen de Valencia 2011"]
[Site "Renedo de Pielagos"]
[Date "2011.08.29"]
[Round "4.2"]
[White "Galego, Luis"]
[Black "Argandoña Riveiro, Iñigo"]
[Result "1/2-1/2"]
[WhiteElo "2474"]
[BlackElo "2388"]
[PlyCount "125"]
[EventDate "2011.08.27"]

1. e4 d6 2. d4 Nf6 3. Nc3 e5 4. Nf3 Nbd7 5. g3 g6 6. Bg2 Bg7 7. O-O O-O 8. a4
a5 9. h3 b6 10. Re1 Bb7 11. dxe5 dxe5 12. b3 Re8 13. Ba3 Bf8 14. Bxf8 Kxf8 15.
Qd2 Kg7 16. Rad1 Qe7 17. Nd5 Bxd5 18. exd5 Qd6 19. Nh2 Re7 20. Nf1 e4 21. Ne3
Ne5 22. Qd4 Rae8 23. Kf1 Nf3 24. Bxf3 exf3 25. Ng4 Re2 26. Rc1 h5 27. Nxf6 Qxf6
28. Qxf6+ Kxf6 29. Red1 g5 30. d6 cxd6 31. Rxd6+ R8e6 32. Rd5 Kg6 33. g4 hxg4
34. hxg4 R2e4 35. Rf5 Rf4 36. Rxf4 gxf4 37. c3 Kg5 38. b4 axb4 39. cxb4 Re4 40.
Rb1 Kxg4 41. Kg1 Kh3 42. Kf1 Rd4 43. Kg1 Rc4 44. Kh1 Rc2 45. Kg1 Ra2 46. a5
bxa5 47. b5 Rd2 48. b6 Rd8 49. b7 Rb8 50. Rb3 Kg4 51. Rb5 a4 52. Rb4 a3 53. Ra4
Rxb7 54. Rxa3 Rb1+ 55. Kh2 Rf1 56. Ra2 f5 57. Rb2 Kg5 58. Ra2 Kf6 59. Ra5 Rxf2+
60. Kg1 Rg2+ 61. Kf1 Rg3 62. Kf2 Kg5 63. Ra8 1/2-1/2

[Event "XVII Trofeo Virgen de Valencia 2011"]
[Site "Renedo de Pielagos"]
[Date "2011.08.29"]
[Round "4.3"]
[White "Guerra Bastida, Diego"]
[Black "Martinez Duanny, Lelys Stanley"]
[Result "1/2-1/2"]
[WhiteElo "2397"]
[BlackElo "2455"]
[PlyCount "85"]
[EventDate "2011.08.27"]

1. c4 Nf6 2. g3 g6 3. Bg2 Bg7 4. Nc3 O-O 5. e4 e5 6. Nge2 d6 7. d3 Nbd7 8. O-O
a6 9. h3 c6 10. Be3 b5 11. b4 Rb8 12. Rb1 Qe7 13. a4 bxc4 14. dxc4 a5 15. b5 c5
16. Bg5 Bb7 17. Qd3 Nb6 18. Rbd1 Rfd8 19. Rfe1 h6 20. Bxf6 Qxf6 21. Nc1 Qe6 22.
Bf1 h5 23. Nb3 Ra8 24. Ra1 Bh6 25. Nd5 Bxd5 26. cxd5 Qe7 27. Qc3 Qa7 28. Bc4 h4
29. Kg2 Bg5 30. Rf1 Bf6 31. Nd2 Kg7 32. Nf3 Rh8 33. Nh2 Kf8 34. Ng4 Bg7 35. Ne3
Qd7 36. g4 Bh6 37. f4 Qe7 38. Bb3 Kg8 39. f5 Bf4 40. Nc4 Nxc4 41. Bxc4 Kh7 42.
Rab1 Rhb8 43. Rf2 1/2-1/2

[Event "XVII Trofeo Virgen de Valencia 2011"]
[Site "Renedo de Pielagos"]
[Date "2011.08.29"]
[Round "4.4"]
[White "Bolado Saez, Sergio"]
[Black "Teske, Henrik"]
[Result "1-0"]
[WhiteElo "2354"]
[BlackElo "2529"]
[PlyCount "177"]
[EventDate "2011.08.27"]

1. d4 Nf6 2. Nf3 g6 3. c4 Bg7 4. g3 O-O 5. Bg2 d5 6. cxd5 Nxd5 7. O-O Nb6 8.
Nc3 Nc6 9. d5 Na5 10. e4 c6 11. Qe2 cxd5 12. exd5 Nxd5 13. Nxd5 Qxd5 14. Qxe7
Bg4 15. Ng5 Qb5 16. Ne4 Qe5 17. Qh4 h5 18. Bf4 Qxb2 19. Rab1 Qd4 20. h3 Be2 21.
Rfe1 Bd3 22. Rbd1 Nc4 23. Bf1 Nb2 24. Bxd3 Nxd1 25. Rxd1 Rae8 26. Be3 Qd8 27.
Bc5 Qxh4 28. gxh4 Re5 29. Bxf8 Bxf8 30. Ng5 Be7 31. f4 Rc5 32. Be4 Rc4 33. Re1
b5 34. Kg2 Kf8 35. Kf3 Rc3+ 36. Re3 Rc1 37. Bd5 Rf1+ 38. Kg3 Rd1 39. Bb3 Rd2
40. Kf3 a5 41. Nh7+ Ke8 42. Nf6+ Kf8 43. Ne4 Rd4 44. Ng5 a4 45. Bc2 Bd6 46. Ne4
Be7 47. Bd3 b4 48. Bc2 b3 49. axb3 a3 50. Nc3 Bb4 51. Na2 Bd6 52. Re4 Rd2 53.
Rc4 Ke7 54. b4 Ke6 55. Rc3 Rd4 56. Re3+ Kd7 57. Re4 Rd2 58. Rc4 Ke6 59. b5 Kd5
60. Rc3 Bc5 61. Bb3+ Kd6 62. Bxf7 Rf2+ 63. Kg3 Rb2 64. Bc4 Kc7 65. Kf3 Kb6 66.
Ke4 Rd2 67. Rd3 Rc2 68. Bb3 Re2+ 69. Kd5 Rf2 70. Rg3 Rd2+ 71. Ke4 Rd4+ 72. Ke5
Kxb5 73. Nc3+ Ka5 74. Ne4 Bb6 75. Rg5 Rd3 76. Rg3 Bc7+ 77. Kf6 Rd4 78. Bf7 Kb4
79. Nc3 Ka5 80. Nd5 Bd6 81. Rg2 Rd3 82. Kg5 Rxh3 83. Kh6 Rb3 84. Nf6 Rb7 85.
Kxg6 Rb2 86. Rg3 Rf2 87. Ne4 Rc2 88. Nxd6 Rc5 89. Rg5 1-0

[Event "XVII Trofeo Virgen de Valencia 2011"]
[Site "Renedo de Pielagos"]
[Date "2011.08.29"]
[Round "4.5"]
[White "Franco Ocampos, Zenon"]
[Black "Astasio Lopez, David"]
[Result "1-0"]
[WhiteElo "2502"]
[BlackElo "2357"]
[PlyCount "52"]
[EventDate "2011.08.27"]

1. c4 c6 2. e4 d5 3. exd5 cxd5 4. d4 Nf6 5. Nc3 Nc6 6. Bg5 e6 7. Nf3 Be7 8. Rc1
O-O 9. c5 Ne4 10. Bxe7 Qxe7 11. Bb5 Nxc3 12. Rxc3 e5 13. Nxe5 Nxe5 14. dxe5
Qxe5+ 15. Qe2 Qg5 16. O-O d4 17. Rcc1 Be6 18. b3 Rad8 19. b4 b6 20. c6 Bg4 21.
Qd3 Bh3 22. Qxh3 Qxb5 23. Qb3 a5 24. Rfd1 Rfe8 25. h3 a4 26. Qc4 Qg5 1-0

[Event "XVII Trofeo Virgen de Valencia 2011"]
[Site "Renedo de Pielagos"]
[Date "2011.08.29"]
[Round "4.6"]
[White "Diaz Herrero, Alvaro"]
[Black "Gomez Ledo, Roberto Carlos"]
[Result "0-1"]
[WhiteElo "2147"]
[BlackElo "2428"]
[PlyCount "46"]
[EventDate "2011.08.27"]

1. e4 d6 2. d4 Nf6 3. Nc3 e5 4. Nf3 Nbd7 5. Bc4 Be7 6. O-O O-O 7. Re1 c6 8. a4
Qc7 9. a5 Rb8 10. Bf1 Re8 11. b3 Nf8 12. h3 Ng6 13. Bb2 Bf8 14. Re3 Bd7 15. Qe1
b5 16. axb6 axb6 17. Rc1 b5 18. d5 b4 19. dxc6 Bxc6 20. Ne2 Nxe4 21. c3 d5 22.
cxb4 Qb7 23. b5 Bxb5 0-1

[Event "XVII Trofeo Virgen de Valencia 2011"]
[Site "Renedo de Pielagos"]
[Date "2011.08.30"]
[Round "5.1"]
[White "Franco Ocampos, Zenon"]
[Black "Ivanov, Jordan"]
[Result "1/2-1/2"]
[WhiteElo "2502"]
[BlackElo "2398"]
[PlyCount "26"]
[EventDate "2011.08.27"]

1. g3 g6 2. Bg2 Bg7 3. d4 d6 4. e4 Nd7 5. Ne2 e5 6. Be3 Ngf6 7. h3 O-O 8. O-O
c6 9. a4 d5 10. Nbc3 Nxe4 11. Nxe4 dxe4 12. Bxe4 Nf6 13. Bg2 Nd5 1/2-1/2

[Event "XVII Trofeo Virgen de Valencia 2011"]
[Site "Renedo de Pielagos"]
[Date "2011.08.30"]
[Round "5.2"]
[White "Gomez Ledo, Roberto Carlos"]
[Black "Galego, Luis"]
[Result "1/2-1/2"]
[WhiteElo "2428"]
[BlackElo "2474"]
[PlyCount "31"]
[EventDate "2011.08.27"]

1. d4 e6 2. c4 Bb4+ 3. Bd2 Bxd2+ 4. Qxd2 Nf6 5. Nf3 O-O 6. Nc3 d6 7. g3 Qe7 8.
Bg2 e5 9. O-O Re8 10. e4 Bg4 11. d5 Bxf3 12. Bxf3 c6 13. Rad1 Rd8 14. Rc1 Na6
15. Bg2 g6 16. Rfe1 1/2-1/2

[Event "XVII Trofeo Virgen de Valencia 2011"]
[Site "Renedo de Pielagos"]
[Date "2011.08.30"]
[Round "5.3"]
[White "Martinez Duanny, Lelys Stanley"]
[Black "Bolado Saez, Sergio"]
[Result "1/2-1/2"]
[WhiteElo "2455"]
[BlackElo "2354"]
[PlyCount "66"]
[EventDate "2011.08.27"]

1. e4 c5 2. Nf3 d6 3. d4 cxd4 4. Nxd4 Nf6 5. Nc3 a6 6. Be2 e5 7. Nb3 Be7 8. O-O
O-O 9. Kh1 Be6 10. f4 exf4 11. Bxf4 Nc6 12. Qe1 b5 13. Rd1 Qc7 14. Qg3 Ne5 15.
Nd4 Rfe8 16. a3 Kh8 17. Bg5 Qb7 18. Nxe6 fxe6 19. Bxf6 Bxf6 20. Rxd6 b4 21.
axb4 Qxb4 22. Rxa6 Qxb2 23. Rxa8 Rxa8 24. Bd1 Nc4 25. e5 Bxe5 26. Qf3 Qa3 27.
Ne4 Qxf3 28. Bxf3 Ne3 29. Rb1 Nxc2 30. Ng5 Ra1 31. Rxa1 Bxa1 32. Be4 h6 33.
Nxe6 Ne3 1/2-1/2